Fundamentals of Design and Manufacturing/ (Record no. 2848)
[ view plain ]
| 000 -LEADER | |
|---|---|
| fixed length control field | 00711nac a22001811u 4500 |
| 008 - FIXED-LENGTH DATA ELEMENTS--GENERAL INFORMATION | |
| fixed length control field | 101007t xxu||||| |||| 00| 0 eng d |
| 020 ## - INTERNATIONAL STANDARD BOOK NUMBER | |
| International Standard Book Number | 8185749175 |
| 082 ## - DEWEY DECIMAL CLASSIFICATION NUMBER | |
| Classification number | 670.42 |
| Item number | KUM |
| 100 ## - MAIN ENTRY--PERSONAL NAME | |
| Personal name | Kumar Pravin. |
| 9 (RLIN) | 20137 |
| 245 ## - TITLE STATEMENT | |
| Title | Fundamentals of Design and Manufacturing/ |
| Statement of responsibility, etc | Pravin kumar ,M.Ramaswamy. |
| 260 ## - PUBLICATION, DISTRIBUTION, ETC. (IMPRINT) | |
| Place of publication, distribution, etc | Delhi:2003. |
| Name of publisher, distributor, etc | S.K.Kataria and Sons, |
| Date of publication, distribution, etc | c.2006. |
| 300 ## - PHYSICAL DESCRIPTION | |
| Extent | 365p.: |
| Other physical details | ill, |
| Dimensions | ;25cm. |
| 504 ## - BIBLIOGRAPHY, ETC. NOTE | |
| Bibliography, etc | Includes Index. |
| 651 ## - SUBJECT ADDED ENTRY--GEOGRAPHIC NAME | |
| Geographic name | Engineering design. |
| 9 (RLIN) | 20138 |
| 700 ## - ADDED ENTRY--PERSONAL NAME | |
| Personal name | Rmaswamy ,M. |
| 9 (RLIN) | 20139 |
| 942 ## - ADDED ENTRY ELEMENTS (KOHA) | |
| Item type | Book - Borrowing |
| Call number prefix | 670.42 KUM |
| Source of classification or shelving scheme | Dewey Decimal Classification |
| Withdrawn status | Item status | Source of classification or shelving scheme | Damaged status | Not for loan | Vendor | Home library | Current library | Shelving location | Date acquired | Source of acquisition | Total Checkouts | Total Renewals | Full call number | Barcode | Date last seen | Date last borrowed | Koha item type |
|---|---|---|---|---|---|---|---|---|---|---|---|---|---|---|---|---|---|
| Dewey Decimal Classification | Central Library | Central Library | First floor | 07/10/2010 | 2 | 2 | 670.42 KUM | 000001337 | 15/07/2025 | 07/03/2019 | Book - Borrowing |